000 00580nam a2200193 4500
001 122635
003 ES-MaACL
007 t|
008 070214s1982 sp r ||||1| spa d
100 1 _aPuig, Manuel.
_994236
245 1 0 _aMaldición eterna a quién lea estas páginas /
_cManuel Puig.
250 _a1ª. ed.
260 _aBarcelona :
_bSeix Barral,
_c1982.
300 _a278 p. ;
_c19 cm.
490 1 _aBiblioteca universal formentor ;
_v12
830 0 _aBiblioteca universal formentor ;
_v12
_9218861
852 _aES-MaACL
_jL-7923
_bR.107507
999 _c122635
_d122635